000 00578cam a2200145 4500500
005 20260201154414.0
041 _afre
042 _adc
100 1 0 _aNaepels, Michel
_eauthor
245 0 0 _aBruce Knauft, From Primitive to Postcolonial in Melanesia and Anthropology, Ann Arbor, University of Michigan Press, 1999, VIII + 320 p., réf., index, fig., ph., carte
260 _c2001.
500 _a65
786 0 _nL'Homme | 160 | 4 | 2001-10-01 | p. 193zk-300zk | 0439-4216
856 4 1 _uhttps://shs.cairn.info/revue-l-homme-2001-4-page-193zk?lang=fr&redirect-ssocas=7080
999 _c1643170
_d1643170